000 00473nam a22001697a 4500
003 SGT
020 _a9789283224372
082 _a616.07
_bW16M
100 _aMOCH, HOLGER
245 _aWHO CLASSIFICATION OF TUMOURS OF THE URINARY SYSTEM AND MALE GENITALL ORGANS
250 _a1ST
260 _aFRANCE
_bWHO PUB
_c2016
300 _a356
650 _aPATHOLOGY
653 _aWHO CLASSIFICATION OF TUMOURS OF THE URINARY SYSTEM AND MALE GENITALL ORGANS
942 _2ddc
_cBK
999 _c23263
_d23263